| 000 | 00540nam a22001697a 4500 | ||
|---|---|---|---|
| 005 | 20251108164906.0 | ||
| 008 | 250721s1996 xx 000 0 ara d | ||
| 082 | 1 | 4 | _a646.2/روا |
| 100 | 1 | _aالرواجبة، عايدة أحمد | |
| 245 | 1 | 0 | _aلك سيدتي 55 طريقة لفن خياطة أجمل الموديلات / |
| 264 | 1 |
_aعمان : _bدار الإسراء للنشر و التوزيع، _c1996. |
|
| 300 | _a88ص | ||
| 490 | 0 | _aلك سيدتي ؛ 10 | |
| 650 | 1 | 7 | _aالخياطة |
| 942 |
_2ddc _cBK |
||
| 999 |
_c16835 _d16835 |
||